| 000 -ლიდერი |
| ფიქსირებული სიგრძის საკონტროლო ველი |
01295nam a2200265Ia 4500 |
| 001 - საკონტროლო ნომერი |
| საკონტროლო ველი |
20496 |
| 003 - საკონტროლო ნომრის იდენტიფიკატორი |
| საკონტროლო ველი |
GE_BSU |
| 005 - ბოლო ოპერაციის თარიღი და დრო |
| საკონტროლო ველი |
20210109210237.0 |
| 008 - ფიქსირებული სიგრძის მონაცემთა ელემენტები - ზოგადი ინფორმაცია |
| ფიქსირებული სიგრძის საკონტროლო ველი |
181216s1973||||ge |||||||||||||| ||geo|| |
| 040 ## - კატალოგიზაციის წყარო |
| Transcribing agency |
GE_BSU |
| 041 ## - ენის კოდი |
| Language code of text/sound track or separate title |
geo |
| 080 ## - უნივერსალური ათობითი კლასიფიკაციის ინდექსი |
| Universal Decimal Classification number |
811.353.1-84(075.3=161.1) დ-15 |
| 100 ## - მთავარი ჩანაწერი - პიროვნების სახელი |
| Personal name |
დავითიანი, ა. |
| 9 (RLIN) |
3905 |
| 245 ## - ცნობა სათაურის შესახებ |
| Title |
ქართული ენა : |
| Remainder of title |
საქ. სსრ რუს. სკოლის მე-3 კლასის სახელმძღვ. / |
| Statement of responsibility, etc |
ა. დავითიანი, ვ. მუშკუდიანი ; რედ. : დ. ჯიბლაძე, ლ. გურეშიძე. |
| 250 ## - გამოცემის ცნობა |
| Edition statement |
მეთორმეტე გამოცემა |
| 264 ## - წარმოების, გამოცემის, დისტრიბუციის და სხვა ცნობები |
| გამოცემის, წარმოების, დისტრიბუციის... ადგილი |
თბილისი : |
| გამოცემის, წარმოების, დისტრიბუციის... სახელწოდება |
განათლება, |
| გამოცემის, წარმოების, დისტრიბუციის... თარიღი |
1973. |
| 300 ## - ფიზიკური აღწერა |
| Extent |
143 გვ. : |
| Other physical details |
ილ. ; |
| Dimensions |
22 სმ. |
| 653 ## - INDEX TERM--UNCONTROLLED |
| Uncontrolled term |
რუსული სკოლის მე-3 კლასის სახელმძღვანელო |
| 653 ## - INDEX TERM--UNCONTROLLED |
| Uncontrolled term |
ქართული ენა |
| 700 ## - ADDED ENTRY--PERSONAL NAME |
| Personal name |
მუშკუდიანი, ვ. |
| Relator term |
ავტორი |
| 9 (RLIN) |
9545 |
| 700 ## - ADDED ENTRY--PERSONAL NAME |
| Personal name |
ჯიბლაძე, დ. |
| Relator term |
რედაქტორი |
| 9 (RLIN) |
8826 |
| 700 ## - ADDED ENTRY--PERSONAL NAME |
| Personal name |
გურეშიძე, ლ. |
| Relator term |
რედაქტორი |
| 9 (RLIN) |
9832 |
| 942 ## - ADDED ENTRY ELEMENTS (KOHA) |
| Koha item type |
წიგნი |
| Source of classification or shelving scheme |
|